| 000 | 00520nam a22001697a 4500 | ||
|---|---|---|---|
| 005 | 20251108164700.0 | ||
| 008 | 250721s1996 xx 000 0 ara d | ||
| 082 | 1 | 4 | _a745/عاي |
| 100 | 1 | _aالرواجبة، عايدة أحمد | |
| 245 | 1 | 0 | _aفن إبتكار الأشكال الزخرفية / |
| 264 | 1 |
_aعمان : _bدار الإسراء للنشر و التوزيع، _c1996. |
|
| 300 | _a96ص | ||
| 650 | 1 | 7 | _aالزخرفة |
| 650 | 1 | 7 | _aالتصميم الزخرفي |
| 942 |
_2ddc _cBK |
||
| 999 |
_c11736 _d11736 |
||